000 00677ngm a22001577a 4500
008 110711s2005 cau|||||s|||| 00| 0 eng d
082 _222
_a327.62
_bه ي ك
245 0 0 _aمع هيكل
_h[تسجيل مرئي].
260 _aكاليفورنيا :
_bالشركة المتحدة للإنتاج الإعلامي، 2005
_c2005
300 _a4 قرص ضوئي مليزر (1040دق( :
_bرقمي ؛
_c4 3/4 بو
505 _aج1، الحلقات من 1-5 -- ج1، الحلقات من 6-10
651 _921491
_aمصر
_xالعلاقات الخارجية
653 _cJuly2011
710 _926263
_aالشركة المتحدة للإنتاج الإعلامي
942 _2ddc
_cCDVDDOC
999 _c15673
_d15673